| 000 | 00632pam a2200205 a 4500 | ||
|---|---|---|---|
| 020 | _a0884103919 | ||
| 020 | _a0884103927 (pbk.) | ||
| 040 | _cDLC | ||
| 082 | 0 | 0 | _a333 PAC 1985 A018 Or. |
| 245 | 0 | 0 |
_aForestlands : _bpublic and private / |
| 260 |
_aSan Francisco, Calif. : _bPacific Institute for Public Policy Research ; _aCambridge, Mass. : _bBallinger Pub. Co., _cc1985. |
||
| 300 |
_axxvii, 332 p. : _bill. ; _c24 cm. |
||
| 500 | _aIncludes index. | ||
| 650 | 0 | _aForest policy | |
| 650 | 0 | _aForest management | |
| 650 | 0 | _aForests and forestry | |
| 700 | 1 | _aDeacon, Robert T. | |
| 700 | 1 | _aJohnson, M. Bruce. | |
| 942 | _cEK | ||
| 999 |
_c12112 _d12112 |
||